Airtightness in commercial and public buildings (Record no. 115953)

MARC details
000 -LEADER
fixed length control field 00953cam a2200253 4500
001 - CONTROL NUMBER
control field L159494
008 - FIXED-LENGTH DATA ELEMENTS--GENERAL INFORMATION
fixed length control field 060329n2011 000 0 eng u
020 ## - INTERNATIONAL STANDARD BOOK NUMBER
International Standard Book Number 9781848061743
035 ## - SYSTEM CONTROL NUMBER
System control number (Sirsi) u159494
041 0# - LANGUAGE CODE
Language code of text/sound track or separate title eng
050 04 - LIBRARY OF CONGRESS CALL NUMBER
Classification number 697.9 $2 18
100 1# - MAIN ENTRY--PERSONAL NAME
Personal name Jaggs, Mike
245 00 - TITLE STATEMENT
Title Airtightness in commercial and public buildings
250 ## - EDITION STATEMENT
Edition statement 3rd ed.
260 ## - PUBLICATION, DISTRIBUTION, ETC.
Place of publication, distribution, etc. Watford
Name of publisher, distributor, etc. BRE
Date of publication, distribution, etc. 2011
300 ## - PHYSICAL DESCRIPTION
Extent 27p.
Other physical details ill.
Dimensions 30cm.
490 #0 - SERIES STATEMENT
Series statement BRE
Volume/sequential designation FB 35
520 ## - SUMMARY, ETC.
Summary, etc. Provides comprehensive practical guidance on airtightness and detailing for commercial and public buildings, and other non-domestic buildings. This guide provides generic examples of frequently occurring air leakage paths and practical guidance on methods and materials suitable for sealing common construction detailing.
650 24 - SUBJECT ADDED ENTRY--TOPICAL TERM
Topical term or geographic name entry element HEATING AND VENTILATION
651 #4 - SUBJECT ADDED ENTRY--GEOGRAPHIC NAME
Geographic name United Kingdom
Chronological subdivision
690 ## - LOCAL SUBJECT ADDED ENTRY--TOPICAL TERM (OCLC, RLIN)
Topical term or geographic name as entry element Design and specification
700 1# - ADDED ENTRY--PERSONAL NAME
Personal name Scivyer, Chris
942 ## - ADDED ENTRY ELEMENTS (KOHA)
Suppress in OPAC 0
Holdings
Withdrawn status Lost status Source of classification or shelving scheme Damaged status Not for loan Home library Current library Shelving location Date acquired Total Checkouts Full call number Barcode Date last seen Copy number Price effective from Koha item type
    Dewey Decimal Classification     London London Folio 02/08/2017   F697 JAG 30078496 06/08/2019 1 06/08/2019 Book